00702nam a2200241 a 4500001001300000003000900013005001700022008004100039020001000080082001600090100002700106245003300133260003500166300000900201500003500210505001900245650002200264700002700286902000800313942000700321952011700328999001500445nice12345678IN_TiNIC20260116012921.0050524s1987 dela grp 000 0 eng  ac22000a297.63bVID aVidyarthi, Abdul Haque aMohammad in World Scriptures aDelhibDeep and Deep Pubc1987 a241p aincludes index and biblioraphy2 aAknowledgement aMuhammad, Prophet1 aVidyarthi, Abdul Haque bSRS cBK 001040708StackRoom-aHMIbHMId2007-07-10g220.00l0o297.63 VIDp012864r2007-07-10v220.00w2005-05-24yBK c8884d8884